00734cam a2200229 a 450000100090000000300040000900500170001300800410003001000170007102000300008803500570011804000190017508200220019410000180021624500520023425000120028626000380029830000100033650400510034665000240039785600830042115296213OSt20191221131520.0080519s2009 nyua b 001 0 eng  a 2008020299 a9780415772921 (softcover) a(OCoLC)228427236z(OCoLC)225819939z(OCoLC)225819944 aDLCcoclcdDLC00a330.09222bRIM/D aRima, Ingrid 10aDevelopment Of Economic Analysis /cIngrid Rima a7th ed. aNew York, NY :bRoutledge,c2009. a606 p aIncludes bibliographical references and index. 0aEconomicsxHistory.413Table of contents onlyuhttp://www.loc.gov/catdir/toc/ecip0818/2008020299.html